AM- Vocabulary Words - Statistics

General Stats
  • This quiz has been taken 69 times
  • The average score is 12 of 16
Answer Stats
Definition AM- Word % Correct
Medical Emergency Response Vehicle Ambulance
98%
North and South continents in the western hemisphere America
95%
Friend in Spanish Amigo
95%
Uttered at the end of a prayer or hymn, meaning ‘so be it.’ Amen
91%
Capital of The Netherlands Amsterdam
91%
A surprise attack by people lying in wait in a concealed position Ambush
86%
A person who has had a limb amputated Amputee
86%
A person lacking professional skill or expertise Amateur
84%
A pungent smelling chemical solution used as a cleaning fluid Ammonia
80%
A single-celled animal Amoeba
80%
Yellowish translucent fossilized resin produced by extinct coniferous trees Amber
66%
An aristocratic, noble or military title in Arab countries. (Sometimes spelled with an E) Amir
63%
The fluid surrounding a fetus within the womb Amniotic
63%
The food of the Gods Ambrosia
59%
To increase in volume or intensity Amplify
54%
Behave uncontrollably and disruptively Amok
7%
No matching quizzes found
Score Distribution
Percent of People with Each Score
Percentile by Number Answered
Your Score History
You have not taken this quiz